| 000 | 00796nam a22002537a 4500 | ||
|---|---|---|---|
| 003 | OSt | ||
| 005 | 20220107122720.0 | ||
| 008 | 130819b xxu||||| |||| 00| 0 eng d | ||
| 020 | _a9780387692159 | ||
| 040 | _cIIITM-K | ||
| 082 | _a510 ROU/M | ||
| 100 |
_aRousseau, Christiane _91821 |
||
| 245 |
_aMathematics and technology _cby Christiane Rousseau, Yvan Saint-Aubin, translated by Chris Hamilton |
||
| 260 |
_aNew York, _bSpringer, _c2008. |
||
| 300 | _axv,580p. | ||
| 440 |
_aSpringer undergraduate texts in mathematics and technology _91822 |
||
| 650 |
_aMATHEMATICS _91823 |
||
| 650 |
_aCOMPUTER SCIENCE _91824 |
||
| 650 |
_aPUBLIC KEY CRYPTOGRAPHY _91825 |
||
| 650 |
_aGLOBAL POSITIONING SYSTEM _91826 |
||
| 650 |
_aGPS _92401 |
||
| 700 |
_aSaint-Aubin, Yvan _91827 |
||
| 942 |
_2ddc _cBK |
||
| 999 |
_c3235 _d3235 |
||